| 000 | 00774nam a2200241Ia 4500 | ||
|---|---|---|---|
| 003 | OSt | ||
| 005 | 20220930082648.0 | ||
| 006 | a|||||r|||| 00| 0 | ||
| 007 | ta | ||
| 008 | 220926b |||||||| |||| 00| 0 eng d | ||
| 024 | _a45681 | ||
| 037 | _cTheses | ||
| 040 |
_aCRL _cCRL _beng |
||
| 041 |
_2eng _aeng |
||
| 100 |
_aPathak Ashutosh _9532083 |
||
| 110 | _aUniversity of Delhi. Faculty of Medical Sciences. Department of Radio-diagnosis | ||
| 245 | 0 |
_aPrognostic value of computed tomography in acute pancreatitis. (Supervisor _b Dr. M. K. Mittal) |
|
| 260 | _c2000 | ||
| 650 |
_aDIAGNOSIS _9519345 |
||
| 700 | _aUniversity of Delhi. Faculty of Medical Sciences. Department of Radio-diagnosis | ||
| 942 |
_cDIS _2CC |
||
| 999 |
_c873650 _d873650 |
||